Sociálne súvislosti konverzie.

Skúsenosti s riešením zamestnanosti v súvislosti s konverziou v 80. rokoch v Lotrinsku (Francúzsko). Sociálne programy zamerané na minimalizáciu nezamestnanosti. Prístup podnikov ku konverzii a riešenie zamestnanosti. Burzy pracovných miest a individuálny kontakt s uvoľňovanými pracovníkmi. Motiváci...

ver descrição completa

Na minha lista:
Detalhes bibliográficos
Autor principal: Polláková, E.
Formato: Capítulo de Livro
Idioma:eslovaco
Assuntos:
Tags: Adicionar Tag
Sem tags, seja o primeiro a adicionar uma tag!

MARC

LEADER 00000naa a2200000 4500
001 r008887
005 20220831085048.9
041 0 |a slo 
044 |a [CS] 
245 1 0 |a Sociálne súvislosti konverzie.  |c E. Polláková 
520 |a Skúsenosti s riešením zamestnanosti v súvislosti s konverziou v 80. rokoch v Lotrinsku (Francúzsko). Sociálne programy zamerané na minimalizáciu nezamestnanosti. Prístup podnikov ku konverzii a riešenie zamestnanosti. Burzy pracovných miest a individuálny kontakt s uvoľňovanými pracovníkmi. Motivácia ľudí k znovuzamestnaniu. Sociálna záchranná sieť. Úloha štátu v riešení sociálnych problémov konverzie. 
610 2 0 |a konverzia priemyslu 
610 2 0 |a nezamestnanosť 
610 2 0 |a Francúzsko 
610 2 0 |a programy sociálne 
610 2 0 |a trh práce 
610 2 0 |a rekvalifikácia 
610 2 0 |a štát 
610 2 0 |a Lotrinsko 
610 2 0 |a regióny 
100 1 |a Polláková, E.